[Event "HUN-chT2 Barcza 1819"]
[Site "Hungary"]
[Date "2018.10.07"]
[Round "2.12"]
[White "Bako, Martin"]
[Black "Kricsfalusi, Patrik"]
[Result "1-0"]
[WhiteElo "1845"]
[BlackElo "1583"]
[PlyCount "93"]
[EventDate "2018.09.23"]
[EventType "team-tourn"]
[EventRounds "11"]
[EventCountry "HUN"]
[SourceTitle "CBM 189 Extra"]
[Source "ChessBase"]
[SourceDate "2019.06.03"]
[SourceVersion "1"]
[SourceVersionDate "2019.06.03"]
[SourceQuality "1"]
[WhiteTeam "Edeleny"]
[BlackTeam "Debrecen Sakkbaratok"]
[WhiteTeamCountry "HUN"]
[BlackTeamCountry "HUN"]

1. d4 d5 2. c4 c6 3. cxd5 cxd5 4. Bf4 Nf6 5. e3 a6 6. Bd3 Nc6 7. Nc3 b5 8. Rc1 Bb7 9. Nf3 e6 10. 0-0 Bd6 11. Bg5 0-0 12. Nh4 h6 13. Bxf6 Qxf6 14. Qh5 Nb4 15. Bb1 Rac8 16. a3 Nc6 17. f4 Nxd4 18. exd4 Qxd4+ 19. Kh1 Bxf4 20. Rcd1 Qc4 21. Bd3 Qc7 22. Nf3 e5 23. Ne2 Be3 24. Qxe5 Qb6 25. Qh5 d4 26. Qg4 Rc5 27. Nexd4 Bxd4 28. Qxd4 Qc7 29. Be4 Rc4 30. Qd7 Bxe4 31. Qxc7 Rxc7 32. Rd6 Rfc8 33. Nd2 Bd3 34. Rxd3 Rc1 35. Kg1 R1c2 36. b4 Ra2 37. Ne4 Rcc2 38. Nf2 Rc7 39. Rf3 Ra7 40. Ne4 a5 41. bxa5 Rxa5 42. Rxf7 R2xa3 43. Rf8+ Kh7 44. Rb8 Rb3 45. Nd6 b4 46. Rb7 Ra2 47. Ne8 1-0

[Event "HUN-chT2 Barcza 1718"]
[Site "Hungary"]
[Date "2017.11.26"]
[Round "4.11"]
[White "Kricsfalusi, Patrik"]
[Black "Szalaji, Renata"]
[Result "0-1"]
[WhiteElo "1640"]
[BlackElo "1941"]
[PlyCount "112"]
[EventDate "2017.09.24"]
[EventType "team-tourn"]
[EventRounds "11"]
[EventCountry "HUN"]
[SourceTitle "EXT 2021"]
[Source "ChessBase"]
[SourceDate "2020.10.23"]
[SourceVersion "1"]
[SourceVersionDate "2020.10.23"]
[SourceQuality "1"]
[WhiteTeam "Debrecen Sakkbaratok"]
[BlackTeam "Lillafured DVTK II"]
[WhiteTeamCountry "HUN"]
[BlackTeamCountry "HUN"]

1. e4 c5 2. Nf3 e6 3. Nc3 a6 4. a4 b6 5. Be2 Qc7 6. d3 Nc6 7. Be3 Nf6 8. Qd2 Be7 9. Bf4 d6 10. 0-0 0-0 11. Nd1 Bb7 12. c4 Na5 13. Qc2 Nd7 14. Ne3 Ne5 15. Rad1 Ng6 16. Bg3 f5 17. exf5 exf5 18. Nxf5 Rxf5 19. d4 Raf8 20. d5 Nf4 21. Bd3 Nxd3 22. Qxd3 Bc8 23. Rfe1 R5f7 24. Re3 Bf5 25. Qe2 Bg4 26. Re1 Bf6 27. h3 Bh5 28. Re6 Nb7 29. b3 Qd7 30. Qd2 Bxf3 31. gxf3 Re7 32. Rxe7 Bxe7 33. Qe3 Bf6 34. Qe4 Qxh3 35. Qe6+ Qxe6 36. dxe6 Re8 37. Kf1 Kf8 38. Kg2 Ke7 39. Kh3 Na5 40. Rd1 Bd4 41. Re1 Nc6 42. f4 Bf6 43. f5 Ne5 44. f4 Nf3 45. Re3 Nd4 46. Bf2 Nxf5 47. Re1 Rd8 48. Kg4 Nd4 49. Bxd4 Bxd4 50. f5 d5 51. Rh1 h6 52. Rf1 Bf6 53. Kf3 d4 54. Rd1 d3 55. Ke3 d2 56. Ke2 Bg5 0-1

[Event "HUN-chT2 Maroczy 1314"]
[Site "Hungary"]
[Date "2014.03.02"]
[Round "8"]
[White "Kricsfalusi, Patrik"]
[Black "Krstulovic, Alex"]
[Result "0-1"]
[WhiteElo "1579"]
[BlackElo "1970"]
[PlyCount "60"]
[EventDate "2013.09.08"]
[EventType "team-tourn"]
[EventRounds "11"]
[EventCountry "HUN"]
[SourceTitle "EXT 2016"]
[Source "ChessBase"]
[SourceDate "2015.10.08"]
[SourceVersion "1"]
[SourceVersionDate "2015.10.08"]
[SourceQuality "1"]
[WhiteTeam "Debrecen SBK"]
[BlackTeam "Budapest MLTC II"]
[WhiteTeamCountry "HUN"]
[BlackTeamCountry "HUN"]

1. e4 c5 2. Nf3 d6 3. Bb5+ Bd7 4. Bxd7+ Qxd7 5. 0-0 Nc6 6. d4 cxd4 7. Nxd4 Nf6 8. Nc3 g6 9. Bg5 Bg7 10. Nxc6 Qxc6 11. Re1 h6 12. Bd2 0-0 13. Qe2 a6 14. a4 Rfd8 15. Rad1 e5 16. Bc1 d5 17. exd5 Nxd5 18. Nxd5 Rxd5 19. Rxd5 Qxd5 20. Be3 Rd8 21. h3 f5 22. Bc1 e4 23. b3 Bc3 24. Rf1 Kg7 25. Qe3 Bd2 26. Bb2+ Kh7 27. Qe2 f4 28. Rd1 f3 29. Qc4 Qxc4 30. bxc4 e3 0-1

[Event "HUN-chT2 Toth 1213"]
[Site "Hungary"]
[Date "2012.09.16"]
[Round "1.7"]
[White "Kricsfalusi, Patrik"]
[Black "Diamant, Tibor"]
[Result "0-1"]
[WhiteElo "1608"]
[BlackElo "2107"]
[PlyCount "90"]
[EventDate "2012.09.16"]
[EventType "team-tourn"]
[EventRounds "11"]
[EventCountry "HUN"]
[SourceTitle "EXT 2014"]
[Source "ChessBase"]
[SourceDate "2013.11.20"]
[SourceVersion "1"]
[SourceVersionDate "2013.11.20"]
[SourceQuality "1"]
[WhiteTeam "Debrecen Sakkbaratok"]
[BlackTeam "Mako II"]
[WhiteTeamCountry "HUN"]
[BlackTeamCountry "HUN"]

1. e4 c5 2. d4 cxd4 3. Qxd4 Nc6 4. Qe3 d6 5. Bd2 Nf6 6. Nc3 g6 7. 0-0-0 Bg7 8. f4 Be6 9. Nf3 Ng4 10. Qe1 Nd4 11. h3 Nxf3 12. gxf3 Nf6 13. Rg1 Qc7 14. f5 Bc4 15. Bxc4 Qxc4 16. Kb1 Rc8 17. e5 dxe5 18. Qxe5 0-0 19. fxg6 hxg6 20. h4 Rfd8 21. h5 Nd5 22. Qe1 Nxc3+ 23. Bxc3 Rxd1+ 24. Qxd1 Bxc3 25. bxc3 Qb5+ 26. Ka1 Qxh5 27. Qd3 Rc6 28. Rb1 Qe5 29. Rxb7 Rxc3 30. Rb8+ Kg7 31. Rb5 Rc5+ 32. Rb2 Qe1+ 33. Rb1 Qc3+ 34. Rb2 Qe1+ 35. Rb1 Qc3+ 36. Rb2 Qxd3 37. cxd3 Rc1+ 38. Rb1 Rxb1+ 39. Kxb1 Kf6 40. Kc2 Ke5 41. Kd2 Kd4 42. a3 g5 43. a4 a5 44. Ke2 f5 45. Kd2 g4 0-1

[Event "HUN-chT2 Barcza 1011"]
[Site "Hungary"]
[Date "2011.05.01"]
[Round "10.6"]
[White "Kricsfalusi, Patrik"]
[Black "Dudas, Peter"]
[Result "0-1"]
[WhiteElo "1631"]
[BlackElo "2201"]
[PlyCount "94"]
[EventDate "2010.09.12"]
[EventType "team-tourn"]
[EventRounds "11"]
[EventCountry "HUN"]
[SourceTitle "EXT 2012"]
[Source "ChessBase"]
[SourceDate "2011.11.24"]
[SourceVersion "1"]
[SourceVersionDate "2011.11.24"]
[SourceQuality "1"]
[WhiteTeam "Debrecen Sakkbaratok"]
[BlackTeam "Edeleny"]
[WhiteTeamCountry "HUN"]
[BlackTeamCountry "HUN"]

1. e4 Nf6 2. Nc3 d5 3. exd5 Nxd5 4. d4 c6 5. Nf3 Bg4 6. Be2 e6 7. 0-0 Be7 8. a3 0-0 9. Ne4 Nd7 10. c4 N5f6 11. Nxf6+ Bxf6 12. b3 Qc7 13. Bb2 Rfd8 14. Qd3 c5 15. Rfd1 Nb8 16. Ra2 Bxf3 17. Bxf3 Bxd4 18. Qe4 Nc6 19. Bxd4 Nxd4 20. b4 Rd7 21. Rad2 Rad8 22. Rd3 b6 23. Be2 f5 24. Qe3 e5 25. Bf1 e4 26. R3d2 Qe5 27. Kh1 f4 28. Qh3 e3 29. fxe3 fxe3 30. Ra2 Re7 31. Re1 e2 32. Qh4 exf1Q+ 33. Rxf1 Nf5 34. Qf2 Ne3 35. Rg1 Ng4 36. Qh4 Rd4 37. bxc5 Nf6 38. Qh3 Qxc5 39. Qf3 Qxc4 40. Rf2 Rd8 41. Rb2 Qd5 42. Qf1 Ne4 43. Qe1 Qe5 44. Rc2 Rde8 45. Qh4 Re6 46. Qh3 Qc5 47. Qb3 Qxc2 0-1

[Event "HUN-chT2 Barcza 1011"]
[Site "Hungary"]
[Date "2010.10.10"]
[Round "3.8"]
[White "Uzonyi, David"]
[Black "Kricsfalusi, Patrik"]
[Result "1-0"]
[WhiteElo "2035"]
[BlackElo "1631"]
[PlyCount "51"]
[EventDate "2010.09.12"]
[EventType "team-tourn"]
[EventRounds "11"]
[EventCountry "HUN"]
[SourceTitle "EXT 2012"]
[Source "ChessBase"]
[SourceDate "2011.11.24"]
[SourceVersion "1"]
[SourceVersionDate "2011.11.24"]
[SourceQuality "1"]
[WhiteTeam "Hajduboszormeny"]
[BlackTeam "Debrecen Sakkbaratok"]
[WhiteTeamCountry "HUN"]
[BlackTeamCountry "HUN"]

1. e4 e5 2. d4 exd4 3. Qxd4 Nc6 4. Qe3 g6 5. Nc3 Bg7 6. Bd2 Nge7 7. 0-0-0 0-0 8. Nd5 Re8 9. Qg3 d6 10. Bg5 Rf8 11. Qh4 Be6 12. Nxe7+ Nxe7 13. Bxe7 Qd7 14. Bxf8 Bxf8 15. a3 Bg7 16. Ne2 b5 17. Nd4 c6 18. f4 c5 19. Nxb5 Qb7 20. f5 Bd7 21. f6 Bf8 22. Nxd6 Qb8 23. Nxf7 Kxf7 24. Bc4+ Be6 25. Qxh7+ Ke8 26. Qxg6+ 1-0

[Event "HUN-chT2 Barcza 0910"]
[Site "Hungary"]
[Date "2010.04.11"]
[Round "9.12"]
[White "Kovacs, Apollon"]
[Black "Kricsfalusi, Patrik"]
[Result "1-0"]
[WhiteElo "1642"]
[BlackElo "1630"]
[PlyCount "119"]
[EventDate "2009.11.08"]
[EventType "team-tourn"]
[EventRounds "11"]
[EventCountry "HUN"]
[SourceTitle "EXT 2011"]
[Source "ChessBase"]
[SourceDate "2010.11.26"]
[SourceVersion "1"]
[SourceVersionDate "2010.11.26"]
[SourceQuality "1"]
[WhiteTeam "SSASSE"]
[BlackTeam "Debrecen Sakkbaratok"]
[WhiteTeamCountry "HUN"]
[BlackTeamCountry "HUN"]

1. d4 d5 2. Bf4 Bf5 3. e3 Nf6 4. Nd2 e6 5. Be2 Be7 6. c4 Nbd7 7. Qb3 b6 8. Rc1 Rc8 9. cxd5 Nxd5 10. Bg3 N5f6 11. Ba6 0-0 12. Bxc8 Qxc8 13. Rxc7 Qa8 14. Ngf3 Bd8 15. Rc1 Be7 16. 0-0 Re8 17. Ne5 Ne4 18. Nxe4 Bxe4 19. f3 Bd5 20. Qa4 Nxe5 21. Bxe5 a6 22. b3 b5 23. Qa5 Bc6 24. Rc2 Qb7 25. Rfc1 Bd8 26. Qe1 Bd7 27. Qg3 g6 28. Bc7 Qa8 29. Bxd8 Rxd8 30. Rc7 a5 31. Qd6 Be8 32. Qc5 Bd7 33. Qe7 Be8 34. Ra7 Qb8 35. Rac7 a4 36. Qc5 Bd7 37. e4 axb3 38. axb3 b4 39. d5 exd5 40. exd5 Kg7 41. d6 Kg8 42. Rc4 Qa8 43. Ra7 Qb8 44. Rxb4 Qc8 45. Qxc8 Bxc8 46. Rb8 Kg7 47. Raa8 Rxd6 48. Rxc8 Rd1+ 49. Kf2 Rb1 50. Rab8 Rb2+ 51. Kg3 Rd2 52. b4 Rd5 53. Rc5 Rd4 54. b5 h6 55. b6 h5 56. h4 Rb4 57. b7 f5 58. Rc7+ Kf6 59. Rf8+ Ke5 60. b8Q 1-0